000 01105cam a22003014a 4500
001 12566389
003 ARRUPE
005 20220330090320.0
008 011017s2003 maua b 001 0 eng
010 _a 2001052652
020 _a0631222189 (alk. paper)
020 _a0631222197 (pb. : alk. paper)
040 _aDLC
_cDLC
_dDLC
042 _apcc
050 0 0 _aT14
_b.P534 2003
082 0 0 _a601
_221
245 0 0 _aPhilosophy of technology :
_bthe technological condition : an anthology /
_cedited by Robert C. Scharff and Val Dusek.
260 _aMalden, MA :
_bBlackwell Publishers,
_c2003.
300 _axi, 686 p. :
_bill. ;
_c26 cm.
440 0 _aBlackwell philosophy anthologies
_950249
504 _aIncludes bibliographical references and index.
650 0 _aTechnology
_xPhilosophy.
_913704
700 1 _aScharff, Robert C.
_951066
700 1 _aDusek, Val,
_d1941-
_950934
906 _a7
_bcbc
_corignew
_d1
_eocip
_f20
_gy-gencatlg
942 _2lcc
_cMONOGRAPH
999 _c131156
_d131156